000 00554cam a22001451 4500
082 _a940.286
_bYOU
100 1 _aYoung, Jesse Bowman,
_949565
245 0 4 _aThe battle of Gettysburg;
_ba comprehensive narrative,
_cby Jesse Bowman Young, and officer in the campaign; with maps, plans and illustrations.
260 _aNew York,
_bHarper,
_c1913.
300 _aix, 462 p.
_billus., maps, ports.
_c22 cm.
526 _a0
_b0
_c0
_d940_286000000000000_YOU
650 0 _aGettysburg, Battle of, Gettysburg, Pa., 1863.
_97862
650 0 _aMCE
_9379
942 _2ddc
_cBK
999 _c552344
_d552344